00464nam a2200169Ia 4500003000400000005001700004008004100021020001500062040000900077082001900086100002400105245006700129250001200196260006400208300000900272650001300281OSt20201006093332.0190216s9999||||xx |||||||||||||| ||und|| a0074634917 coclc a005.133bGOT/T aGottfried, Byron S  0aTheory And Problems Of Programming With C /cByron S Gottfried a2nd Ed. bTata Mcgraw Hill Publishing Company Ltd,c1998.aNew Delhi: a532p aComputer